000
00279nam a2200109Ia 4500
008
190912s9999||||xx |||||||||||||| ||und||
100
_a
Syed Nazir Ali
245
0
_a
Waldeen : Tumharay Maa Baap Mare Maa Baap
260
_a
Lahore
_b
Rab Publishers
_c
2016
300
_a
48
942
_c
BK
999
_c
7405
_d
7405